Guess the rule - Statistiques

Statistiques générales
  • Ce quiz a été pris 25 fois
  • Le résultat moyen est 13 sur 15
Statistiques - réponses
Hint Réponse % Correct
1 1
100%
2 1
100%
3 2
100%
4 3
100%
6 8
100%
5 5
96%
7 13
92%
8 21
92%
9 34
92%
10 55
83%
12 144
75%
11 89
75%
13 233
67%
14 377
67%
15 610
67%
Aucun quiz correspondant
Distribution des résultats
% des personnes avec chaque résultat
Percentile par nombre de réponses
Votre historique - résultats
Vous n’avez pas pris ce quiz